| 000 -LEADER |
| fixed length control field |
00930nam a2200205Ia 4500 |
| 001 - CONTROL NUMBER |
| control field |
9999 |
| 003 - CONTROL NUMBER IDENTIFIER |
| control field |
GE_BSU |
| 008 - FIXED-LENGTH DATA ELEMENTS--GENERAL INFORMATION |
| fixed length control field |
181216s||||||||xx |||||||||||||| ||und|| |
| 040 ## - CATALOGING SOURCE |
| Transcribing agency |
GE_BSU |
| 080 ## - UNIVERSAL DECIMAL CLASSIFICATION NUMBER |
| Universal Decimal Classification number |
821.353.1+821.353.1.09+82-93+821.353.1-92 |
| 245 ## - TITLE STATEMENT |
| Title |
პირველი სხივი:საიუბილეო კრებული.სტალინის სახ.თბილისის სახ. უნივერსიტეტის სტუდენთა ლიტერატურული წრის ალმანახი |
| 245 ## - TITLE STATEMENT |
| Remainder of title |
წ.5-6 |
| 245 ## - TITLE STATEMENT |
| Statement of responsibility, etc. |
ბ.ჟღენტი (მთ.რედ.)და სხვ.მხატვ.მ.ინასარიძე |
| 260 ## - PUBLICATION, DISTRIBUTION, ETC. |
| Place of publication, distribution, etc. |
თბილისი |
| 260 ## - PUBLICATION, DISTRIBUTION, ETC. |
| Name of publisher, distributor, etc. |
უნივერსიტეტის გამ–ბა |
| 260 ## - PUBLICATION, DISTRIBUTION, ETC. |
| Date of publication, distribution, etc. |
1958 |
| 300 ## - PHYSICAL DESCRIPTION |
| Extent |
660გვ.24სმ. |
| 653 ## - INDEX TERM--UNCONTROLLED |
| Uncontrolled term |
პირველი სხივი |
| 942 ## - ADDED ENTRY ELEMENTS (KOHA) |
| Koha item type |
წიგნი |